Loading...
| Social Science | 1 | 3 | 2 | 2 | 35 | 64 | 119.75 | 1 | 3 |
| Religion | 0 | 3 | 0 | 0 | 30 | 89 | 116.00 | 1 | 3 |
| Mythology | 1 | 1 | 0 | 0 | 25 | 50 | 83.50 | 1 | 2 |
| History - European History | 0 | 2 | 0 | 1 | 20 | 82 | 94.50 | 0 | 1 |
| Current Events | 0 | 2 | 0 | 0 | 20 | 96 | 104.50 | 0 | 0 |
| Fine Arts - Visual Fine Arts | 1 | 1 | 1 | 0 | 20 | 75 | 89.00 | 1 | 2 |
| Geography | 0 | 2 | 0 | 0 | 20 | 79 | 105.50 | 0 | 1 |
| Literature - European Literature | 0 | 2 | 0 | 0 | 20 | 127 | 129.00 | 0 | 1 |
| Philosophy | 0 | 2 | 1 | 0 | 15 | 95 | 107.50 | 0 | 1 |
| Literature - American Literature | 1 | 0 | 0 | 0 | 15 | 81 | 81.00 | 1 | 1 |
| Science - Other Science | 1 | 0 | 0 | 0 | 15 | 51 | 51.00 | 1 | 1 |
| Fine Arts - Auditory Fine Arts | 0 | 1 | 0 | 0 | 10 | 92 | 92.00 | 0 | 1 |
| History - Ancient History | 0 | 1 | 0 | 0 | 10 | 133 | 133.00 | 0 | 1 |
| Literature - World Literature | 0 | 1 | 0 | 0 | 10 | 94 | 94.00 | 1 | 1 |
| Literature - British Literature | 0 | 1 | 0 | 0 | 10 | 104 | 104.00 | 0 | 1 |